000 01523cam a22004454a 4500
999 _c216181
_d216181
001 13377741
003 OSt
005 20260121101516.0
008 031020s2004 paua b 001 0 eng
010 _a 2003066793
020 _a0721695965
020 _a9780721695969
035 _a13377741
035 _a(DNLM)101194902
040 _aDNLM/DLC
_cUNZA
_eRDA
042 _apcc
050 0 0 _aRC660
_bDAV 2004
060 1 0 _aWK 810
_bD2535 2004
082 0 0 _a616.4/62
_222
245 0 0 _aDavidson's diabetes mellitus :
_bdiagnosis and treatment.
246 3 0 _aDiabetes mellitus
250 _a5th ed. /
_bAnne Peters Harmel, Ruchi Mathur.
260 _aPhiladelphia, Pa. :
_bW.B. Saunders,
_cc2004.
300 _axiv, 480 p. :
_bill. ;
_c26 cm.
336 _atext
_btxt
_2rdacontent
337 _aunmediated
_bn
_2rdamedia
338 _avolume
_bnc
_2rdacarrier
500 _aRev. ed. of: Diabetes mellitus / Mayer B. Davidson. 4th ed. c1998.
504 _aIncludes bibliographical references and indexes.
650 0 _aDiabetes.
650 1 2 _aDiabetes Mellitus
_xdiagnosis.
650 2 2 _aDiabetes Mellitus
_xtherapy.
700 1 _aHarmel, Anne Peters.
700 1 _aMathur, Ruchi.
700 1 _aDavidson, Mayer B.
_tDiabetes mellitus.
906 _a7
_bcbc
_corignew
_d1
_eocip
_f20
_gy-gencatlg
942 _2lcc
_cBOOK